Attitude of rural women in Balasore towards employment (Record no. 21235)

000 -LEADER
fixed length control field 00419pab a2200157 454500
008 - FIXED-LENGTH DATA ELEMENTS--GENERAL INFORMATION
fixed length control field 180718b1990 xxu||||| |||| 00| 0 eng d
100 ## - MAIN ENTRY--PERSONAL NAME
Personal name Rath, Sharada
245 ## - TITLE STATEMENT
Title Attitude of rural women in Balasore towards employment
260 ## - PUBLICATION, DISTRIBUTION, ETC.
Date of publication, distribution, etc. 1990
300 ## - PHYSICAL DESCRIPTION
Extent 17-19,27-8
362 ## - DATES OF PUBLICATION AND/OR SEQUENTIAL DESIGNATION
Dates of publication and/or sequential designation Oct.
650 ## - SUBJECT ADDED ENTRY--TOPICAL TERM
Topical term or geographic name entry element Women - Employment, Rural - India - Orissa
700 ## - ADDED ENTRY--PERSONAL NAME
Personal name Navneeth Rath
773 ## - HOST ITEM ENTRY
Main entry heading Social Welfare
909 ## -
-- 21235
Holdings
Withdrawn status Lost status Damaged status Not for loan Permanent Location Current Location Date acquired Serial Enumeration / chronology Barcode Date last seen Price effective from Koha item type
        Indian Institute of Public Administration Indian Institute of Public Administration 2018-07-19 Volume no: 37, Issue no: 7 AR21304 2018-07-19 2018-07-19 Articles

Powered by Koha